Premier League and Football League teams in the south of the UK - Statistics

General Stats
  • This quiz has been taken 654 times
  • The average score is 26 of 39
Answer Stats
Home Ground Answer % Correct
Emirates Stadium Arsenal
95%
Stamford Birdge Chelsea
95%
White Hart Lane Tottenham Hotspur
93%
Cardiff City Stadium Cardiff City
90%
Selhurst Park Crystal Palace
87%
Craven Cottage Fulham
87%
St Marys Stadium Southampton
86%
Stadium MK Milton Keynes Dons
85%
Colchester Community Stadium Colchester United
84%
Vicarage Road Watford
83%
Fratton Park Portsmouth
82%
Boleyn Ground West Ham United
82%
Amex Stadium Brighton and Hove Albion
79%
Loftus Road Queens Park Rangers
78%
Liberty Stadium Swansea City
78%
Madejski Stadium Reading
76%
The New Den Millwall
75%
Portman Road Ipswich Town
73%
Vitality Stadium AFC Bournemouth
72%
The Valley Charlton Athletic
72%
Griffin Park Brentford
69%
Ashton Gate Bristol City
69%
Kenilworth Road Luton Town
65%
Home Park Plymouth Argyle
64%
Memorial Stadium Bristol Rovers
62%
St James Park Exeter City
61%
Kassam Stadium Oxford United
59%
Kingsmeadow AFC Wimbledon
48%
Roots Hall Southend United
48%
Brisbane Road Leyton Orient
47%
County Ground Swindon Town
46%
Adams Park Wycombe Wanderers
44%
Priestfield Stadium Gillingham
42%
The Hive Stadium Barnet
40%
Huish Park Yeovil Town
40%
Rodney Parade Newport County
35%
Broadfield Stadium Crawley Town
29%
Broadhall Stadium Stevenage Borough
22%
Victoria Road Dagenham & Redbridge
19%
No matching quizzes found
Score Distribution
Percent of People with Each Score
Percentile by Number Answered
Your Score History
You have not taken this quiz